[Event "Joao Pessoa Master U1900 1st"]
[Site "Joao Pessoa"]
[Date "2017.11.22"]
[Round "8.3"]
[White "Melo, Fernando Antonio Al"]
[Black "Trigueiro, Hamilton Nobrega"]
[Result "1-0"]
[WhiteElo "1804"]
[BlackElo "1544"]
[PlyCount "55"]
[EventDate "2017.10.04"]
[EventType "tourn"]
[EventRounds "9"]
[EventCountry "BRA"]
[SourceTitle "EXT 2022"]
[Source "ChessBase"]
[SourceDate "2021.10.06"]
[SourceVersion "1"]
[SourceVersionDate "2021.10.06"]
[SourceQuality "1"]

1. f4 Nf6 2. d4 b6 3. e3 Bb7 4. Nf3 e6 5. Be2 h6 6. 0-0 Be7 7. c3 0-0 8. Qe1 c5 9. Nbd2 Na6 10. Bd3 Nc7 11. b3 Rc8 12. Bb2 cxd4 13. exd4 d5 14. Ne5 g6 15. Rf3 h5 16. Qe2 Kg7 17. Raf1 Nce8 18. Rg3 Nd6 19. f5 Nfe4 20. Bxe4 dxe4 21. fxg6 Kh6 22. gxf7 Bg5 23. h4 Nf5 24. hxg5+ Qxg5 25. Rxg5 Kxg5 26. Nxe4+ Bxe4 27. Qxe4 Nh6 28. Bc1# 1-0

[Event "Recife Arraes Memorial 10th"]
[Site "Recife"]
[Date "2017.10.08"]
[Round "5"]
[White "Sallaberry, Ana Paula Nogueira"]
[Black "Melo, Fernando Antonio Al"]
[Result "1-0"]
[WhiteElo "1556"]
[BlackElo "1804"]
[PlyCount "95"]
[EventDate "2017.10.06"]
[EventType "swiss"]
[EventRounds "6"]
[EventCountry "BRA"]
[SourceTitle "CBM 181 Extra"]
[Source "ChessBase"]
[SourceDate "2017.12.12"]
[SourceVersion "1"]
[SourceVersionDate "2017.12.12"]
[SourceQuality "1"]

1. c4 f5 2. Nc3 e6 3. Nf3 Nf6 4. g3 Be7 5. Bg2 0-0 6. 0-0 c6 7. d3 d5 8. b3 Bd7 9. Nb1 Be8 10. Ba3 Nbd7 11. Ng5 Bf7 12. Bxe7 Qxe7 13. Nd2 h6 14. Ngf3 Bh5 15. Qc2 Bxf3 16. Nxf3 Rac8 17. Rac1 Nh7 18. Rfd1 f4 19. Nh4 Qe8 20. d4 Rf6 21. cxd5 g5 22. dxe6 Nb6 23. Nf3 fxg3 24. hxg3 Qxe6 25. Ne5 Rcf8 26. Rf1 g4 27. Qe4 h5 28. Nd3 Ng5 29. Qxe6+ Nxe6 30. e3 Kg7 31. Ne5 Ng5 32. Rc5 Kh6 33. a4 Rd6 34. f3 Nd5 35. f4 Ne6 36. Bxd5 Nxc5 37. Nf7+ Rxf7 38. Bxf7 Rf6 39. Bc4 Ne4 40. Kg2 Nd2 41. Rc1 b5 42. axb5 cxb5 43. Bd5 Rd6 44. Rd1 Nf1 45. Kxf1 Rxd5 46. e4 Rd7 47. d5 Kg6 48. d6 1-0

[Event "Recife Arraes Memorial 10th"]
[Site "Recife"]
[Date "2017.10.06"]
[Round "2"]
[White "Akasaka, Eduardo"]
[Black "Melo, Fernando Antonio Al"]
[Result "1/2-1/2"]
[WhiteElo "1480"]
[BlackElo "1804"]
[PlyCount "74"]
[EventDate "2017.10.06"]
[EventType "swiss"]
[EventRounds "6"]
[EventCountry "BRA"]
[SourceTitle "CBM 181 Extra"]
[Source "ChessBase"]
[SourceDate "2017.12.12"]
[SourceVersion "1"]
[SourceVersionDate "2017.12.12"]
[SourceQuality "1"]

1. d4 f5 2. Nf3 d5 3. Bf4 Nf6 4. e3 e6 5. c4 c6 6. Be2 Be7 7. 0-0 0-0 8. Nbd2 Nbd7 9. a4 Ne4 10. Ne5 Nxe5 11. Bxe5 Bd7 12. f4 Be8 13. Rf3 Nf6 14. Rg3 Bg6 15. Rh3 Qe8 16. Nf3 Ng4 17. Qb3 Qd7 18. Rg3 Rac8 19. Rd1 Bf6 20. h4 Bxe5 21. dxe5 Qe7 22. Ng5 h6 23. Nf3 Qc5 24. Nd4 Qe7 25. Bxg4 fxg4 26. Rxg4 Bh5 27. Rg3 Bxd1 28. Qxd1 Qf7 29. Qg4 Rce8 30. h5 c5 31. Nb5 dxc4 32. Nd6 Qd7 33. Qg6 Kh8 34. Nxc4 Qc7 35. Qg4 Rd8 36. Nd6 Rxd6 37. exd6 Qd7 1/2-1/2

[Event "Natal Potiguar op"]
[Site "Natal"]
[Date "2017.06.02"]
[Round "2"]
[White "Melo, Fernando Antonio Al"]
[Black "Da Silva, Karina Ingryd Olive"]
[Result "1-0"]
[WhiteElo "1803"]
[BlackElo "1479"]
[PlyCount "87"]
[EventDate "2017.06.02"]
[EventType "swiss"]
[EventRounds "6"]
[EventCountry "BRA"]
[SourceTitle "EXT 2018"]
[Source "ChessBase"]
[SourceDate "2017.10.13"]
[SourceVersion "1"]
[SourceVersionDate "2017.10.13"]
[SourceQuality "1"]

1. f4 Nf6 2. d4 e6 3. Nf3 d5 4. e3 Nbd7 5. Bd3 b6 6. 0-0 Bb7 7. c3 Be7 8. Ne5 Rc8 9. Ba6 Nxe5 10. Bxb7 Nf3+ 11. Rxf3 Rb8 12. Qa4+ Nd7 13. Bc6 a5 14. Nd2 Bf6 15. e4 dxe4 16. Nxe4 Qe7 17. Bxd7+ Qxd7 18. Nxf6+ gxf6 19. Qxd7+ Kxd7 20. Be3 Rhg8 21. f5 e5 22. dxe5 fxe5 23. Rh3 Rh8 24. Bh6 Rbg8 25. f6 Rg6 26. Bg7 Re8 27. Rxh7 e4 28. Rh3 e3 29. Re1 e2 30. Rd3+ Kc6 31. Rd2 Rg5 32. Rexe2 Rxe2 33. Rxe2 Rd5 34. h4 Rd8 35. h5 Rd1+ 36. Kh2 Rd5 37. h6 Rh5+ 38. Kg1 Kd6 39. Re7 c5 40. Rxf7 Rf5 41. h7 Rh5 42. g4 Rh4 43. h8Q Rxh8 44. Bxh8 1-0

[Event "Joao Pessoa Fischer Memorial 8th"]
[Site "Joao Pessoa"]
[Date "2017.03.17"]
[Round "2"]
[White "Melo, Fernando Antonio Al"]
[Black "Barreto Junior, Williem Silva"]
[Result "0-1"]
[WhiteElo "1810"]
[BlackElo "2198"]
[PlyCount "78"]
[EventDate "2017.03.17"]
[EventType "swiss"]
[EventRounds "6"]
[EventCountry "BRA"]
[SourceTitle "CBM 177 Extra"]
[Source "ChessBase"]
[SourceDate "2017.04.27"]
[SourceVersion "1"]
[SourceVersionDate "2017.04.27"]
[SourceQuality "1"]

1. f4 d5 2. Nf3 Nf6 3. e3 e6 4. d4 c5 5. c3 cxd4 6. exd4 Ne4 7. Bd3 Nc6 8. 0-0 f5 9. Ne5 Nxe5 10. fxe5 Be7 11. Bxe4 dxe4 12. Qh5+ g6 13. Qh6 Bf8 14. Qh3 b5 15. Be3 Bg7 16. Rf4 Qe7 17. Na3 Bd7 18. Kh1 Rc8 19. Rc1 b4 20. Nb1 h5 21. Rff1 g5 22. cxb4 f4 23. Rxc8+ Bxc8 24. Bg1 e3 25. Qf3 Bb7 26. Qd1 h4 27. Qa4+ Qd7 28. Qxd7+ Kxd7 29. Bxe3 fxe3 30. Rf7+ Kc8 31. Nc3 Rf8 32. Rxf8+ Bxf8 33. a3 h3 34. Kg1 Bxg2 35. Ne2 Bh6 36. Ng3 g4 37. b5 e2 38. Kf2 Bf3 39. Nxe2 Bxe2 0-1

[Event "Joao Pessoa Fischer Memorial 7th"]
[Site "Joao Pessoa"]
[Date "2016.03.13"]
[Round "6"]
[White "Melo, Fernando Antonio Al"]
[Black "Gomes, Genildo de Souza"]
[Result "0-1"]
[WhiteElo "1828"]
[BlackElo "1614"]
[PlyCount "78"]
[EventDate "2016.03.11"]
[EventType "swiss"]
[EventRounds "6"]
[EventCountry "BRA"]
[SourceTitle "CBM 171 Extra"]
[Source "ChessBase"]
[SourceDate "2016.04.26"]
[SourceVersion "1"]
[SourceVersionDate "2016.04.26"]
[SourceQuality "1"]

1. f4 d6 2. Nf3 Nd7 3. e3 b6 4. Be2 Bb7 5. d4 Ngf6 6. 0-0 Ne4 7. c3 e6 8. Nbd2 Qf6 9. Nxe4 Bxe4 10. Ng5 Bb7 11. e4 h6 12. e5 Qe7 13. Nf3 f5 14. g3 g6 15. b3 Bg7 16. Nh4 Qf7 17. Nxg6 0-0-0 18. Nxh8 Rxh8 19. Bf3 d5 20. c4 h5 21. Ba3 h4 22. c5 hxg3 23. hxg3 Bf8 24. Kg2 bxc5 25. Qd2 cxd4 26. Bxf8 Qxf8 27. Qxd4 Nb6 28. Rac1 Qa3 29. Qf2 Kb8 30. Rh1 Rc8 31. Qe2 c5 32. Rb1 c4 33. Qb2 Qxb2+ 34. Rxb2 c3 35. Rc2 d4 36. Rd1 Nd5 37. Rd3 Nb4 38. Bxb7 Kxb7 39. Rcxc3 dxc3 0-1

[Event "Joao Pessoa AXCV op 5th"]
[Site "Joao Pessoa"]
[Date "2015.07.24"]
[Round "1"]
[White "Melo, Fernando Antonio Al"]
[Black "Rocha, Vitor Firmo de Souz"]
[Result "1/2-1/2"]
[WhiteElo "1828"]
[BlackElo "2100"]
[PlyCount "116"]
[EventDate "2015.07.24"]
[EventType "swiss"]
[EventRounds "5"]
[EventCountry "BRA"]
[SourceTitle "EXT 2016"]
[Source "ChessBase"]
[SourceDate "2015.10.08"]
[SourceVersion "1"]
[SourceVersionDate "2015.10.08"]
[SourceQuality "1"]

1. f4 d5 2. Nf3 g6 3. e3 Bg7 4. Be2 Nf6 5. 0-0 0-0 6. d4 c5 7. c3 Nc6 8. Ne5 Ne4 9. Nd2 Nxd2 10. Bxd2 Qb6 11. Qb3 c4 12. Qxb6 axb6 13. Bf3 Rd8 14. e4 e6 15. Nxc6 bxc6 16. e5 Bd7 17. Bd1 Ra5 18. Bc2 Rda8 19. a3 c5 20. g4 f5 21. gxf5 gxf5 22. Kf2 Ba4 23. Bxa4 Rxa4 24. Rg1 Kh8 25. Rg3 cxd4 26. cxd4 Rg8 27. Rag1 Raa8 28. Bb4 Rae8 29. Kf3 Bh6 30. Rxg8+ Rxg8 31. Rxg8+ Kxg8 32. Be7 Kf7 33. Bd6 b5 34. h4 Kg6 35. Be7 Bg7 36. Kg3 Kf7 37. Bd6 h5 38. Kf3 Ke8 39. Bc5 Bh6 40. Kg3 Bf8 41. Bxf8 Kxf8 42. Kf3 Ke7 43. Ke3 Kd7 44. Kd2 Kc7 45. Kc3 Kb7 46. Kb4 Kb6 47. a4 bxa4 48. Kxa4 Ka6 49. Kb4 Kb6 50. Ka4 Ka6 51. Kb4 Kb6 52. Ka4 Kc6 53. Ka5 Kc7 54. Kb5 Kb7 55. Kc5 Kc7 56. Kb5 Kb7 57. Kc5 Kc7 58. Kb5 Kb7 1/2-1/2

[Event "Recife Arraes Memorial 5th"]
[Site "Recife"]
[Date "2012.09.06"]
[Round "1"]
[White "Bouwman, Marcelo Wanderley"]
[Black "Melo, Fernando Antonio Al"]
[Result "1-0"]
[WhiteElo "2238"]
[BlackElo "1822"]
[PlyCount "51"]
[EventDate "2012.09.06"]
[EventType "swiss"]
[EventRounds "7"]
[EventCountry "BRA"]
[SourceTitle "EXT 2013"]
[Source "ChessBase"]
[SourceDate "2012.11.22"]
[SourceVersion "1"]
[SourceVersionDate "2012.11.22"]
[SourceQuality "1"]

1. e4 d6 2. d4 Nf6 3. Nc3 g6 4. Bf4 Bg7 5. Qd2 0-0 6. h3 Nc6 7. Nf3 a6 8. 0-0-0 b5 9. Bd3 Nd7 10. Bh6 Nb4 11. h4 Nxd3+ 12. cxd3 c5 13. h5 Bh8 14. hxg6 fxg6 15. Nd5 Nf6 16. Bxf8 Nxd5 17. Bh6 Nf6 18. Ng5 e6 19. e5 dxe5 20. dxe5 Ng4 21. Nxh7 Bxe5 22. Bg5 Qd4 23. Rh4 Ra7 24. Rdh1 Qa4 25. Nf6+ Bxf6 26. Bxf6 1-0

[Event "Natal Potiguar op"]
[Site "Natal"]
[Date "2012.06.09"]
[Round "5"]
[White "Cirne, Bruno Uchoa"]
[Black "Melo, Fernando Antonio Al"]
[Result "1-0"]
[WhiteElo "1693"]
[BlackElo "1834"]
[PlyCount "71"]
[EventDate "2012.06.07"]
[EventType "swiss"]
[EventRounds "7"]
[EventCountry "BRA"]
[SourceTitle "CBM 148 Extra"]
[Source "ChessBase"]
[SourceDate "2012.06.22"]
[SourceVersion "1"]
[SourceVersionDate "2012.06.22"]
[SourceQuality "1"]

1. d4 Nf6 2. Nf3 g6 3. Bf4 Bg7 4. e3 d6 5. Be2 0-0 6. 0-0 Nc6 7. h3 Nd7 8. c3 e5 9. Bh2 e4 10. Nfd2 f5 11. Qb3+ Kh8 12. f3 Na5 13. Qd5 Nc6 14. fxe4 Nf6 15. Qb3 fxe4 16. Bf4 Qe8 17. Qc2 Nd8 18. Bg5 d5 19. c4 c6 20. Nc3 Be6 21. Rf2 h6 22. Bf4 Nf7 23. Raf1 g5 24. Bh2 Qe7 25. Nb3 dxc4 26. Nd2 Nd5 27. Nxc4 b5 28. Nxd5 Bxd5 29. Nd2 Rae8 30. Bh5 Bxd4 31. exd4 e3 32. Re2 Qb4 33. Nf3 Bc4 34. Bxf7 Bxe2 35. Bxe8 Rxe8 36. Qxe2 1-0

[Event "Natal Potiguar op"]
[Site "Natal"]
[Date "2012.06.09"]
[Round "6"]
[White "Melo, Fernando Antonio Al"]
[Black "Gomes da Silva, Tales"]
[Result "1/2-1/2"]
[WhiteElo "1834"]
[BlackElo "1838"]
[PlyCount "112"]
[EventDate "2012.06.07"]
[EventType "swiss"]
[EventRounds "7"]
[EventCountry "BRA"]
[SourceTitle "CBM 148 Extra"]
[Source "ChessBase"]
[SourceDate "2012.06.22"]
[SourceVersion "1"]
[SourceVersionDate "2012.06.22"]
[SourceQuality "1"]

1. f4 Nf6 2. Nf3 g6 3. e3 Bg7 4. Be2 d5 5. 0-0 0-0 6. Nc3 c5 7. d4 c4 8. b3 cxb3 9. cxb3 Bg4 10. Bb2 Nc6 11. Ne5 Bxe2 12. Qxe2 Rc8 13. Rac1 e6 14. Ba3 Re8 15. Qb5 Qa5 16. Bb2 Qxb5 17. Nxb5 Nxe5 18. fxe5 Ng4 19. Nd6 Rxc1 20. Bxc1 Re7 21. h3 Nh6 22. Nc8 Rc7 23. Nxa7 Nf5 24. Kh2 Rc2 25. Ba3 Nxe3 26. Rc1 Rxg2+ 27. Kh1 Rc2 28. Rxc2 Nxc2 29. Bc5 Bf8 30. Bb6 Ba3 31. Nb5 Bb2 32. Kg2 Kg7 33. Kf3 f6 34. exf6+ Kxf6 35. Bd8+ Kf7 36. Bb6 e5 37. Nd6+ Ke6 38. dxe5 Bxe5 39. Nxb7 Kd7 40. Nc5+ Kc6 41. Nd3 Bd6 42. Bd8 Nd4+ 43. Kf2 Nf5 44. Bf6 Kb5 45. a4+ Ka5 46. Bc3+ Ka6 47. b4 h5 48. Be5 Bxe5 49. Nxe5 g5 50. Nf7 g4 51. hxg4 hxg4 52. Ne5 g3+ 53. Kf3 Nd4+ 54. Kxg3 Nc2 55. Nd3 Nxb4 56. Nxb4+ Ka5 1/2-1/2

[Event "Natal Potiguar op"]
[Site "Natal"]
[Date "2012.06.07"]
[Round "1"]
[White "Caldeira, Adriano"]
[Black "Melo, Fernando Antonio Al"]
[Result "1-0"]
[WhiteElo "2251"]
[BlackElo "1834"]
[PlyCount "77"]
[EventDate "2012.06.07"]
[EventType "swiss"]
[EventRounds "7"]
[EventCountry "BRA"]
[SourceTitle "CBM 148 Extra"]
[Source "ChessBase"]
[SourceDate "2012.06.22"]
[SourceVersion "1"]
[SourceVersionDate "2012.06.22"]
[SourceQuality "1"]

1. e4 d6 2. d4 Nf6 3. Nc3 g6 4. Bg5 Bg7 5. e5 dxe5 6. dxe5 Nfd7 7. f4 c6 8. Bc4 0-0 9. Qe2 Nb6 10. Rd1 Qc7 11. Bb3 Na6 12. Qe3 Bg4 13. Nf3 Bxf3 14. gxf3 Kh8 15. Bh4 Rad8 16. Rxd8 Qxd8 17. f5 Nb4 18. Qc5 N4d5 19. Nxd5 Nxd5 20. Bxd5 Qxd5 21. Qxd5 cxd5 22. Bxe7 Rc8 23. f6 Bh6 24. Kd1 Kg8 25. c3 Bf4 26. Bd6 Re8 27. Kc2 h5 28. Kd3 Kh7 29. Kd4 g5 30. Kxd5 Kg6 31. h3 Re6 32. Re1 Kf5 33. Re4 Re8 34. c4 Re6 35. c5 Bc1 36. b4 Ba3 37. b5 Re8 38. c6 bxc6+ 39. bxc6 1-0

[Event "Joao Pessoa op 3rd"]
[Site "Joao Pessoa"]
[Date "2012.03.11"]
[Round "5"]
[White "Melo, Fernando Antonio Al"]
[Black "Araujo, Antonio Carlos Jr"]
[Result "1/2-1/2"]
[WhiteElo "1847"]
[BlackElo "1775"]
[PlyCount "32"]
[EventDate "2012.03.09"]
[EventType "swiss"]
[EventRounds "6"]
[EventCountry "BRA"]
[SourceTitle "CBM 147 Extra"]
[Source "ChessBase"]
[SourceDate "2012.04.24"]
[SourceVersion "1"]
[SourceVersionDate "2012.04.24"]
[SourceQuality "1"]

1. f4 d5 2. Nf3 c5 3. e3 Nf6 4. b3 g6 5. Bb2 Bg7 6. Be2 Nc6 7. 0-0 0-0 8. Qe1 Bf5 9. d3 Nb4 10. Na3 Ng4 11. Bxg7 Nxe3 12. Bxf8 Qxf8 13. Rf2 Ng4 14. Rf1 Ne3 15. Rf2 Ng4 16. Rf1 Ne3 1/2-1/2

[Event "Joao Pessoa op 3rd"]
[Site "Joao Pessoa"]
[Date "2012.03.10"]
[Round "4"]
[White "De Lira Machado, Alexandre Henri"]
[Black "Melo, Fernando Antonio Al"]
[Result "1-0"]
[WhiteElo "2104"]
[BlackElo "1847"]
[PlyCount "95"]
[EventDate "2012.03.09"]
[EventType "swiss"]
[EventRounds "6"]
[EventCountry "BRA"]
[SourceTitle "CBM 147 Extra"]
[Source "ChessBase"]
[SourceDate "2012.04.24"]
[SourceVersion "1"]
[SourceVersionDate "2012.04.24"]
[SourceQuality "1"]

1. c4 Nf6 2. g3 g6 3. Bg2 Bg7 4. Nc3 0-0 5. d3 d6 6. a3 Nc6 7. Rb1 e5 8. b4 Ne7 9. Qb3 c6 10. h3 Nd7 11. Nf3 Kh8 12. h4 Nf5 13. h5 Qe8 14. Ne4 Nd4 15. Nxd4 exd4 16. hxg6 fxg6 17. Nxd6 Qe7 18. Ne4 Nf6 19. Bg5 Bf5 20. Qb2 Bxe4 21. Bxe4 Qf7 22. Bf3 Rae8 23. Kd2 Nd7 24. Rbf1 Ne5 25. Bf4 Nxf3+ 26. exf3 g5 27. Bxg5 Qxf3 28. Kc1 Re2 29. Bd2 Rxf2 30. Re1 Qxd3 31. c5 Rf1 32. Bf4 Rf3 33. Rh2 Qxa3 34. Qxa3 Rxa3 35. Kb2 Rf3 36. Re7 d3+ 37. Kc1 Rf1+ 38. Kd2 Ra1 39. Kxd3 Ra3+ 40. Ke4 Ra1 41. Rxb7 Re1+ 42. Kf3 Rf1+ 43. Kg4 Re8 44. Rxa7 Kg8 45. Rh5 Rfe1 46. Rc7 R1e4 47. Rg5 R8e7 48. Rxc6 1-0

[Event "Joao Pessoa op 3rd"]
[Site "Joao Pessoa"]
[Date "2012.03.09"]
[Round "2"]
[White "Santiago, Bruno Majorico Frei"]
[Black "Melo, Fernando Antonio Al"]
[Result "1-0"]
[WhiteElo "2167"]
[BlackElo "1847"]
[PlyCount "113"]
[EventDate "2012.03.09"]
[EventType "swiss"]
[EventRounds "6"]
[EventCountry "BRA"]
[SourceTitle "CBM 147 Extra"]
[Source "ChessBase"]
[SourceDate "2012.04.24"]
[SourceVersion "1"]
[SourceVersionDate "2012.04.24"]
[SourceQuality "1"]

1. d4 Nf6 2. c4 g6 3. Nc3 Bg7 4. e4 d6 5. Nf3 0-0 6. Be2 Nc6 7. 0-0 e5 8. d5 Ne7 9. Ne1 Ne8 10. Nd3 f5 11. Bd2 Nf6 12. f3 f4 13. c5 Bd7 14. cxd6 cxd6 15. Qb3 b6 16. Nb5 Bxb5 17. Qxb5 g5 18. Nf2 Rc8 19. Qa4 Rf7 20. Rac1 Rxc1 21. Rxc1 Bf8 22. Ba6 Ne8 23. Qc4 Kg7 24. Bb4 h5 25. h3 Kg6 26. a4 Ng8 27. Qc8 Qxc8 28. Rxc8 Nef6 29. Nd3 Kg7 30. Rxf8 Rxf8 31. Bxd6 Rd8 32. Bc7 Rd7 33. Bxe5 Kf8 34. h4 g4 35. Nxf4 gxf3 36. gxf3 Rg7+ 37. Kf2 Rd7 38. Bc8 Rh7 39. Bf5 Rb7 40. Bg6 b5 41. Ne6+ Ke7 42. Nc5 Rb6 43. Bf5 bxa4 44. Nxa4 Rb4 45. Nc5 Ne8 46. d6+ Nxd6 47. Bg6 Nc4 48. Bc3 Rb5 49. Nd3 a5 50. Bf5 a4 51. Bc8 Rb8 52. Ba6 Nd6 53. Nc5 Rf8 54. Bb4 Rb8 55. Nb7 Rxb7 56. Bxb7 Ke6 57. Bd5+ 1-0

[Event "Joao Pessoa Veteranos Nordeste 2nd"]
[Site "Joao Pessoa"]
[Date "2011.11.05"]
[Round "3.1"]
[White "Arruda Filho, Ivo Pereira de"]
[Black "Melo, Fernando Antonio Al"]
[Result "1-0"]
[WhiteElo "1926"]
[BlackElo "1845"]
[PlyCount "82"]
[EventDate "2011.11.04"]
[EventType "swiss"]
[EventRounds "5"]
[EventCountry "BRA"]
[SourceTitle "EXT 2022"]
[Source "ChessBase"]
[SourceDate "2021.10.06"]
[SourceVersion "1"]
[SourceVersionDate "2021.10.06"]
[SourceQuality "1"]

1. Nf3 d6 2. d4 Nf6 3. c4 g6 4. Nc3 Bg7 5. e4 0-0 6. Be2 Nc6 7. 0-0 Bg4 8. h3 Bxf3 9. Bxf3 e5 10. d5 Nd4 11. Be3 Nxf3+ 12. Qxf3 Nd7 13. Rac1 f5 14. exf5 gxf5 15. Bd2 Nc5 16. Qe2 e4 17. b3 Nd3 18. Rc2 Nb4 19. Rcc1 Nd3 20. Rb1 Qh4 21. Qe3 Rae8 22. f4 Rf6 23. Ne2 Rg6 24. Be1 Nxe1 25. Rbxe1 Re7 26. Kh2 c5 27. dxc6 bxc6 28. g3 Qf6 29. Rd1 c5 30. Rd5 Bf8 31. Qc3 Qe6 32. Rfd1 Reg7 33. Qe3 h5 34. Rg1 Be7 35. a4 Bf6 36. Rdd1 Kh7 37. Rd5 Be7 38. Rdd1 Bf6 39. Rd2 h4 40. Rg2 hxg3+ 41. Rxg3 Bh4 1-0